000 00410nam a22001577a 4500
005 20251108164705.0
008 250721s1985 xx 000 0 ara d
082 1 4 _a526.9/يوس
100 1 _aصيام، يوسف
245 1 0 _aحساب المساحات و الكميات /
264 1 _aعمان :
_bالمؤلف،
_c1985.
300 _a303ص
650 1 7 _aالمسح
942 _2ddc
_cBK
999 _c11918
_d11918